| 000 | 00813nam a22002537a 4500 | ||
|---|---|---|---|
| 003 | MOSTI LIBRARY | ||
| 005 | 20260522102353.0 | ||
| 008 | 260522b |||||||| |||| 00| 0 eng d | ||
| 020 | _a9789264237247 | ||
| 040 | _cMOSTI LIBRARY | ||
| 090 | 0 | 0 |
_a346.595048 _bBOO |
| 110 | 1 | 0 | _aOrganisation for Economic Co-operation and Development (OECD) |
| 245 | 1 | 0 | _aBoosting Malaysia's National Intellectual Property System for Innovation |
| 264 |
_aParis, _bOECD Publishing, _c2015 |
||
| 300 |
_a159pages ; _c24cm |
||
| 336 | _0rdacontent | ||
| 337 | _2rdacarrier | ||
| 338 | _0rdacarrier | ||
| 650 | 1 | 0 |
_a Intellectual property _z Malaysia |
| 650 | 2 | 0 |
_aTechnological innovations _xGovernment policy _z Malaysia |
| 650 | 2 | 0 |
_a Patent laws and legislation _zMalaysia |
| 942 |
_2ddc _cBK _n0 |
||
| 949 | _0019237 | ||
| 999 |
_c30870 _d30870 |
||